Normal view
MARC view
- Ali Muhammad Daktoor
Entry Personal Name
001 - CONTROL NUMBER
- control field: 9713
003 - CONTROL NUMBER IDENTIFIER
- control field: NUST
005 - DATE AND TIME OF LATEST TRANSACTION
- control field: 20180124143016.0
008 - FIXED-LENGTH DATA ELEMENTS
- fixed length control field: 180124|| aca||aabn | a|a d
040 ## - CATALOGING SOURCE
- Original cataloging agency: NUST
- Transcribing agency: NUST
100 ## - HEADING--PERSONAL NAME
- Personal name: Ali Muhammad Daktoor
670 ## - SOURCE DATA FOUND
- Source citation: Work cat.: (NUST)325024: Ali Muhammad Daktoor, Seerat Umar Farooq Vol 1, 2014
